000 00324nam a22001577a 4500
003 SGT
020 _a9780074631669
082 _a15504,HUR
100 _aHUELOCK
245 _aCHILD DEVELOPMENT
250 _a6TH
260 _aDELHI
_bMC-GRAW HILL
_c2019
300 _a570
650 _aPSYCHOLOGY
942 _2ddc
_cBK
_029
999 _c20812
_d20812